000
00233nam a22000857a 4500
008
170202b xxu||||| |||| 00| 0 eng d
100
_9
2737
_a
CBSE
245
_a
U-Like CBSE CCE Sample Paper X Maths Solution
260
_a
New Delhi
_b
CBSE
_c
2013
999
_c
5913
_d
5913